00657cam a2200217 a 450000100060000000300090000600500170001500800410003202000150007302000150008804000280010308200190013110000200015024500790017026000610024930000270031060000380033765000240037565000240039965000160042317816BD-DhUAP20200311113748.0200311s20051996nyu b 000 0 eng d a1403997993 a0333402642 aUKMcUKMdBD-DhUAPbEng00223a809.41 MAL a Male, David A.14aThe white devil and the Duchess of Malfi by John Webster /cDavid A. Male. aNew York :bPalgrave macmillan,cc1986 [Reprinted 2005]. aix, 93 pages ;c20 cm. aDuchess of Malfi (Webster, John). aLiterature, Modern. aBritish literature. aLiterature.